000 00574nam a22001577a 4500
999 _c60510
_d60510
005 20230810104330.0
008 230810s1984 gw ||||| |||| 00| 0 ger d
041 _ager
080 _a9021/904 D-44
100 _aDeppert-Lippitz, Barbara
_919647
245 _aGoldschmuck Der Romerzeit :
_bAusgewählte Stücke aus den Sammlungen des Römisch-Germanischen Zentralmuseums/
_cBarbara Deppert-Lippitz.
264 _aMainz,
_bVerlag,
_c1984.
300 _a31 p.:
_bill.;
_c30 cm.
653 _aრომაული ოქროს სამკაულები
942 _2udc
_cBK